000 00390nam a22001457a 4500
003 SGT
020 _a9780323444774
082 _a617.525
_bM16K
100 _aKevin Smith
245 _a Management of the Cleft Patient
260 _aPhiladelphia, United States
_bElsevier - Health Sciences Division
_c2016
300 _a145-232
650 _aOral and Maxillofacial Surgery
942 _2ddc
_cBK
999 _c18325
_d18325